Hiihdon maailmancup, suomalaiset podiumilla - Statistics

Yleistilastot
  • Tätä visaa on pelattu 85 kertaa
  • Keskiarvotulos 11 / 17
Vastaustilastot
Määrä Urheilija % Oikein
22 iivo niskanen
99%
21 kerttu niskanen
99%
33 krista pärmäkoski
89%
34 ainokaisa saarinen
81%
49 virpi kuitunen
80%
27 marjaliisa kirvesniemi
74%
8 sami jauhojärvi
74%
16 harri kirvesniemi
73%
25 mika myllylä
73%
23 jari isometsä
68%
15 pirjo muranen
53%
14 matti heikkinen
50%
9 anne kyllönen
45%
15 marjo matikainen
43%
8 riittaliisa roponen
41%
9 kaisa varis
28%
5 marjut rolig
14%
Ehtoja vastaavia visoja ei löytynyt
Tulosjakauma
Jokaisen tuloksen saaneiden osuus
Persentiili vastausten määrän mukaan
Tuloshistoriasi
Et ole pelannut tätä visaa